000 00624nam a2200241Ia 4500
003 OSt
005 20220918201244.0
006 a|||||r|||| 00| 0
007 ta
008 220917b |||||||| |||| 00| 0 eng d
024 _a92,684
037 _cTextual
040 _aARTS
_cARTS
_beng
041 _2eng
_aeng
082 _aV1:2, M0
100 _aGoyal O.P.
_997747
245 0 _aComparative goverments
260 _aDelhi
_bRitu Publishers
_c1980
300 _a137, 79, 74p.
_ccm.
650 _aCONSTITUTIONS; HISTORY
_997748
942 _hV1:2, M0
_cTEXL
_2CC
999 _c216335
_d216335